Famous Military Aircraft of World War II - Statistics

General Stats
  • This quiz has been taken 136 times
  • The average score is 11 of 15
Answer Stats
Picture Answer % Correct
Supermarine Spitfire
99%
Boeing B-17 Flying Fortress
90%
Mitsubishi A6M "Zero"
88%
Junkers Ju 87 "Stuka"
85%
Avro Lancaster
84%
Hawker Hurricane
84%
Messerschmitt Bf 109
83%
North American P-51 Mustang
81%
Messerschmitt Me 262
80%
Vought F4U Corsair
78%
Focke-Wulf Fw 190
73%
Fairey Swordfish
68%
Northrop P-61 Black Widow
64%
Boulton Paul Defiant
23%
Nakajima J1N "Gekkō"
8%
No matching quizzes found
Score Distribution
Percent of People with Each Score
Percentile by Number Answered
Your Score History
You have not taken this quiz